[Event "Antofagasta Zicosur op 2nd"]
[Site "Antofagasta"]
[Date "2016.01.09"]
[Round "7"]
[White "Nunez Cerda, Andres"]
[Black "Belli, Mario"]
[Result "0-1"]
[WhiteElo "1785"]
[BlackElo "2404"]
[PlyCount "56"]
[EventDate "2016.01.05"]
[EventType "swiss"]
[EventRounds "9"]
[EventCountry "CHI"]
[SourceTitle "CBM 170 Extra"]
[Source "ChessBase"]
[SourceDate "2016.02.25"]
[SourceVersion "1"]
[SourceVersionDate "2016.02.25"]
[SourceQuality "1"]

1. f4 Nf6 2. Nf3 g6 3. g3 Bg7 4. Bg2 0-0 5. 0-0 c5 6. Na3 Nc6 7. d3 d5 8. Qe1 b6 9. e4 dxe4 10. dxe4 e5 11. c3 Ba6 12. fxe5 Ng4 13. Bg5 Qc7 14. Rd1 Ngxe5 15. Nxe5 Nxe5 16. Rd5 Rfe8 17. Qd1 h6 18. Bf6 Bxf1 19. Bxe5 Bxe5 20. Qxf1 Rad8 21. Qd3 Qe7 22. Nc4 Bc7 23. a4 h5 24. h3 h4 25. g4 Qf6 26. Qf3 Bf4 27. Kf1 Rxd5 28. exd5 Bg3 0-1

[Event "Antofagasta Zicosur op 2nd"]
[Site "Antofagasta"]
[Date "2016.01.08"]
[Round "6"]
[White "Donayre, Bertin"]
[Black "Nunez Cerda, Andres"]
[Result "0-1"]
[WhiteElo "2134"]
[BlackElo "1785"]
[PlyCount "72"]
[EventDate "2016.01.05"]
[EventType "swiss"]
[EventRounds "9"]
[EventCountry "CHI"]
[SourceTitle "CBM 170 Extra"]
[Source "ChessBase"]
[SourceDate "2016.02.25"]
[SourceVersion "1"]
[SourceVersionDate "2016.02.25"]
[SourceQuality "1"]

1. e4 e6 2. d4 d5 3. Nc3 Bb4 4. e5 c5 5. a3 Bxc3+ 6. bxc3 Ne7 7. Qg4 Ng6 8. Nf3 Qc7 9. Bd2 h5 10. Qg5 cxd4 11. cxd4 Qxc2 12. Qe3 Nc6 13. Bd3 Qb3 14. Ng5 Qb2 15. Rc1 Qxd4 16. Nxf7 Qxe3+ 17. fxe3 Ngxe5 18. Rxc6 Nxd3+ 19. Ke2 bxc6 20. Nxh8 Ba6 21. Kf3 g5 22. Bc3 e5 23. g4 hxg4+ 24. Kg3 Ke7 25. Ng6+ Kf6 26. Nf8 Rxf8 27. Rf1+ Ke7 28. Rxf8 Kxf8 29. Kxg4 Ke7 30. Kxg5 Ke6 31. e4 d4 32. Bd2 Nf2 33. Kg6 Nxe4 34. Bc1 Be2 35. h4 d3 36. h5 Bxh5+ 0-1

[Event "CHI-ch U20"]
[Site "San Carlos"]
[Date "2015.02.13"]
[Round "7"]
[White "Romero Gonzalez, Juan Ignacio"]
[Black "Nunez Cerda, Andres"]
[Result "1-0"]
[WhiteElo "1790"]
[BlackElo "1788"]
[PlyCount "63"]
[EventDate "2015.02.10"]
[EventType "swiss"]
[EventRounds "9"]
[EventCountry "CHI"]
[SourceTitle "CBM 164 Extra"]
[Source "ChessBase"]
[SourceDate "2015.03.02"]
[SourceVersion "1"]
[SourceVersionDate "2015.03.02"]
[SourceQuality "1"]

1. e4 c5 2. Nf3 e6 3. d4 cxd4 4. Nxd4 a6 5. Bd3 Qc7 6. Qe2 Nc6 7. Nxc6 Qxc6 8. c4 d6 9. 0-0 Nf6 10. f4 Nd7 11. f5 Ne5 12. Nc3 Be7 13. fxe6 Bxe6 14. Nd5 Bxd5 15. exd5 Qc7 16. b3 0-0-0 17. Bb2 Bf6 18. Bf5+ Kb8 19. Qf2 Rde8 20. Bd4 g6 21. Bxg6 Ng4 22. Qf4 Bxd4+ 23. Qxd4 hxg6 24. Qxg4 Rh5 25. Qd4 Reh8 26. h3 Rh4 27. Rf4 g5 28. Rg4 f5 29. Rxh4 Rxh4 30. Qf6 Qc5+ 31. Kh1 Qd4 32. Qxd4 1-0

[Event "Antofagasta Zicosur op 1st"]
[Site "Antofagasta"]
[Date "2015.01.09"]
[Round "8"]
[White "Nunez Cerda, Andres"]
[Black "Henriquez Acuna, Julio"]
[Result "0-1"]
[WhiteElo "1792"]
[BlackElo "2158"]
[PlyCount "91"]
[EventDate "2015.01.05"]
[EventType "swiss"]
[EventRounds "10"]
[EventCountry "CHI"]
[SourceTitle "CBM 164 Extra"]
[Source "ChessBase"]
[SourceDate "2015.03.02"]
[SourceVersion "1"]
[SourceVersionDate "2015.03.02"]
[SourceQuality "1"]

1. c4 e5 2. Nc3 f5 3. g3 Nf6 4. Bg2 g6 5. d3 Bg7 6. Nf3 Nc6 7. Rb1 0-0 8. Bg5 h6 9. Bxf6 Bxf6 10. 0-0 a5 11. Qa4 Rb8 12. Rfc1 d6 13. Ne1 Bd7 14. Qd1 f4 15. e3 fxe3 16. fxe3 Bg5 17. Nc2 h5 18. h3 Be6 19. Qe2 Qd7 20. Ne4 Bh6 21. Rf1 Kg7 22. Kh2 Ne7 23. Rxf8 Rxf8 24. Rf1 Bf5 25. Rf2 Ng8 26. Qf1 Rf7 27. Kg1 Qe7 28. a3 c6 29. Nc3 Be6 30. b4 axb4 31. axb4 Rxf2 32. Qxf2 Nf6 33. Ne4 Nxe4 34. Bxe4 Bxh3 35. Kh2 Be6 36. Qg2 Qd7 37. Bf3 Bg5 38. Be4 d5 39. cxd5 cxd5 40. Bf3 Qb5 41. Qe2 Qc6 42. Qd2 h4 43. g4 Qd6 44. Kh1 d4 45. Qe2 dxe3 46. Bxb7 0-1

[Event "Donihue U2200 op"]
[Site "Donihue"]
[Date "2014.01.31"]
[Round "2"]
[White "Larrain Cortes, Eugenio Esteban"]
[Black "Nunez Cerda, Andres"]
[Result "1-0"]
[WhiteElo "2056"]
[BlackElo "1818"]
[PlyCount "69"]
[EventDate "2014.01.31"]
[EventType "swiss"]
[EventRounds "7"]
[EventCountry "CHI"]
[SourceTitle "EXT 2015"]
[Source "ChessBase"]
[SourceDate "2014.11.20"]
[SourceVersion "1"]
[SourceVersionDate "2014.11.20"]
[SourceQuality "1"]

1. e4 c5 2. Nf3 e6 3. c3 Nf6 4. Bd3 Nc6 5. Bc2 d5 6. e5 Nd7 7. d4 Qb6 8. dxc5 Bxc5 9. Qe2 h6 10. 0-0 Qc7 11. Re1 b6 12. Bf4 a5 13. Bd3 Qa7 14. Nbd2 Ba6 15. c4 Nb4 16. Bb1 dxc4 17. Nxc4 Bxc4 18. Qxc4 Rc8 19. Qe4 b5 20. Be3 Bb6 21. Qg4 g5 22. h4 Rc4 23. Qh5 g4 24. Ng5 hxg5 25. Qxh8+ Ke7 26. hxg5 Nc2 27. Bxc2 Rxc2 28. Rf1 Rxb2 29. Rad1 Nf8 30. Kh1 Ng6 31. Qf6+ Ke8 32. f4 Qa8 33. Rg1 Qe4 34. Rd6 Rb1 35. Rxb6 1-0